Welcome to the Holygrace Academy Library

Please use search bar below to get started

SWAMI VIVEKANANDA (Record no. 5857)

MARC details
000 -LEADER
fixed length control field 00325nam a22001217a 4500
082 ## - DEWEY DECIMAL CLASSIFICATION NUMBER
Classification number 920
Item number AMA/S
100 ## - MAIN ENTRY--AUTHOR NAME
Personal name BRAHMACHARIAMAL
245 ## - TITLE STATEMENT
Title SWAMI VIVEKANANDA
260 ## - PUBLICATION, DISTRIBUTION, ETC. (IMPRINT)
Place of publication WEST BENGAL
Name of publisher RAMAKRISHNA MATH AND RAMAKRISHNA MISSION
300 ## - PHYSICAL DESCRIPTION
Number of Pages 128
650 ## - SUBJECT ADDED ENTRY--TOPICAL TERM
Topical Term LIFE & TEACHINGS OF SWAMI VIVEKANANDA
Geographic subdivision WEST BENGAL
942 ## - ADDED ENTRY ELEMENTS (KOHA)
Koha item type Books
Holdings
Withdrawn status Lost status Collection code Home library Current library Shelving location Date acquired Source of acquisition Full call number Accession Number Koha item type
    Reference Main Library Main Library SHELF-17-K-BIOGRAPHIES & AUTOBIOGRAPHIES 04/05/2017 PURCHASE 920 AMA/S 09469 Books